Champions League/European Cup Top Scorers by Trophy Cabinet - Statistics

General Stats
  • This quiz has been taken 15 times
  • The average score is 10 of 21
Answer Stats
Hint Nationality Answer % Correct
1x Copa do Brasil 3x Campeonato Paulista 1x Copa Libertadores 1x Recopa Sudamericana 2x La Liga 3x Copa del Rey 1x Supercopa de Espana 1x UEFA Champions League 1x FIFA Club World Cup 5x Ligue 1 3x Coupe de France 2x Coup de la Ligue 3x Trophee des Champions 1x Saudi Pro League ๐Ÿ‡ง๐Ÿ‡ท Neymar
91%
3x Eredivisie 3x KNVB Cup 1x European Cup Winners' Cup 4x Serie A 2x Supercoppa Italiana 2x European Cup 2x European Super Cup 2x Intercontinental Super Cup ๐Ÿ‡ณ๐Ÿ‡ฑ Marco Van Basten
82%
5x Vyshcha Liha
3x Ukranian Cup
1x Ukrainian Super Cup 3x Commonwealth of Independent States Cup 1x Serie A 1x Coppa Italia 1x Supercoppa Italiana 1x UEFA Champions League 1x UEFA Super Cup 1x FA Cup 1x Football League Cup
๐Ÿ‡บ๐Ÿ‡ฆ Andriy Shevchenko
73%
1x III liga, group I 1x Ekstraklasa 1x Polish Cup 1x Polish Super Cup 10x Bundesliga 4x DFB Pokal 6x DFL Supercup 1x UEFA Champions League 1x UEFA Super Cup 1x FIFA Club World Cup 2x La Liga 1x Copa del Rey 1x Supercopa de Espana ๐Ÿ‡ต๐Ÿ‡ฑ Robert Lewandowski
73%
1x Austrian Bundesliga 1x Austrian Cup 1x DFB-Pokal 2x Premier League 1x FA Cup 1x Community Shield 1x UEFA Champions League 1x UEFA Super Cup ๐Ÿ‡ณ๐Ÿ‡ด Erling Haaland
64%
6x Serie A
1x Serie B 1x Coppa Italia 4x Supercoppa Italiana 1x UEFA Champions League 1x UEFA Intertoto Cup 1x UEFA Super Cup 1x Intercontinental Cup
๐Ÿ‡ฎ๐Ÿ‡น Alessandro Del Piero
55%
4x Ligue 1 1x Coupe de France 2x Trophee des Champions 4x La Liga 3x Copa del Rey 4x Supercopa de Espana 5x UEFA Champions League 4x UEFA Super Cup 5x FIFA Club World Cup 1x Saudi Pro League ๐Ÿ‡ซ๐Ÿ‡ท Karim Benzema
55%
7x Ligue 1 4x Coupe de France 2x Coupe de la Ligue 3x Trophee des Champions 1x UEFA Super Cup 1x FIFA Intercontinental Cup ๐Ÿ‡ซ๐Ÿ‡ท Kylian Mbappe
55%
2x Liberian Premier League 1x Liberian FA Cup 3x Coup de France 1x Division 1 1x Coup de la Ligue 2x Serie A 1x FA Cup ๐Ÿ‡ฑ๐Ÿ‡ท George Weah
45%
2x Finnish Cup 5x Eredivisie 3x KNVB Cup 3x Dutch Supercup 1x UEFA Champions League 1x UEFA Super Cup 1x Intercontinental Cup 1x FA Cup 1x Football League Cup 1x FA Charity Shield 1x UEFA Cup 1x UEFA Super Cup 1x Veikkausliiga ๐Ÿ‡ซ๐Ÿ‡ฎ Jari Litmanen
45%
1x Supercampeonato Paulista 1x Torneio Rio โ€“ Sรฃo Paulo 1x Serie A 1x Supercoppa Italiana 1x UEFA Champions League 1x UEFA Super Cup 1x FIFA Club World Cup 1x La Liga 1x Copa del Rey ๐Ÿ‡ง๐Ÿ‡ท Kaka
45%
1x Campeonato Brasileiro Sรฉrie A 4x Campeonato Carioca 2x Copa Mercosur 3x Eredivisie 2x KNVB Cup 1x Dutch Super Cup 1x La Liga 1x Supercopa de Espana 1x Qatar Crown Prince Cup 1x Campeonato Carioca Second Division ๐Ÿ‡ง๐Ÿ‡ท Romario
45%
2x Eredivisie 1x Johan Cruyff Shield 1x Premier League 1x FA Cup 1x Football League Cup 1x Community Shield 2x La Liga 1x Supercopa de Espana ๐Ÿ‡ณ๐Ÿ‡ฑ Ruud Van Nistelrooy
45%
1x Football League Cup 3x Premier League 1x FA Cup 1x UEFA Champions League 1x Intercontinental Cup 1x A-League 1x Football League Championship ๐Ÿ‡น๐Ÿ‡น Dwight Yorke
36%
1x Division 3 1x Belgian Cup 4x Division 1 1x Coupe de France 2x Serie A 1x Supercoppa Italiana 1x UEFA Champions League 1x UEFA Cup ๐Ÿ‡ซ๐Ÿ‡ท Jean Pierre-Papin
36%
1x Coupe de France 1x Division 2 1x Division 1 2x Serie A 1x Coppa Italia 1x European Cup 1x European Cup Winners' Cup 1x European Super Cup 1x Intercontinental Cup ๐Ÿ‡ซ๐Ÿ‡ท Michel Platini
36%
6x La Liga 4x Supercopa de Espana 3x UEFA Champions League 1x UEFA Super Cup 2x Intercontinental Cup 1x DFB Pokal 1x DFL Supercup 1x Qatar Stars League 1x Emir of Qatar Cup 1x North American Soccer League: Spring Season 1x North American Supporters' Trophy 1x Soccer Bowl ๐Ÿ‡ช๐Ÿ‡ธ Raul
36%
1x Campeonato Pernambucano 1x Brazilian Serie A 1x Campeonato Paulista 2x La Liga 1x Copa del Rey 1x UEFA Super Cup 1x Coppa Italia 1x UEFA Champions League 1x UEFA Super Cup 1x Campeonato Mineiro 3x Alpha Ethniki/Super League Greece 2x Greek Cup 3x Uzbek League 2x Uzbekistan Cup ๐Ÿ‡ง๐Ÿ‡ท Rivaldo
36%
10x Scottish Premier Division
1x Scottish Cup 9x Scottish League Cup
๐Ÿด๓ ง๓ ข๓ ณ๓ ฃ๓ ด๓ ฟ Ally McCoist
27%
2x La Liga 1x Supercopa de Espana 3x UEFA Champions League 2x Intercontinental Cup 1x FA Cup 1x UEFA Super Cup 1x Copa del Rey 1x Ligue 1 1x Coupe de la Ligue ๐Ÿ‡ช๐Ÿ‡ธ Fernando Morientes
27%
4x Eredivisie
3x KNVB Cup 2x European Cup
4x La Liga 1x Copa Del Rey 3x Supercopa de Espana 1x European Super Cup
๐Ÿ‡ณ๐Ÿ‡ฑ Ronald Koeman
27%
No matching quizzes found
Score Distribution
Percent of People with Each Score
Percentile by Number Answered
Your Score History
You have not taken this quiz